00310nam a2200121Ia 4500008004100000020001400041041000800055082001000063100001800073245003300091260005600124300000800180230724s2007 xx und d a713645210 aeng a666.3 aJANE PERRYMAN aTRADITIONAL POTTERY OF INDIA bAMERICAN SOCIETY OF HEALTH-SYSTEM PHARMACISTSc2007 a216